Dům v Orionu /

Hlavní autor: Fischerová, Andrea, 1977-
Jazyk: Čeština
Vydáno: Praha : Eroika, 2012
Vydání: Vyd. 1.
Témata:
Fyzický popis: 137 s. ; 21 cm
Knihy
Uloženo v:
LEADER 00961nam a2200313 a 4500
001 nkc20122405558
003 CZ PrNK
005 20121024082130.0
007 ta
008 120926s2012 xr g 000 f cze
015 |a cnb002405558 
020 |a 978-80-87409-17-6  |q (váz.) :  |c Kč 180,00 
035 |a (OCoLC)817050403 
040 |a OLA001  |b cze  |d ABA001 
072 7 |a 821.162.3-3  |x Česká próza  |2 Konspekt  |9 25 
080 |a 821.162.3-31  |2 MRF 
080 |a (0:82-31)  |2 MRF 
100 1 |a Fischerová, Andrea,  |d 1977-  |7 ola2006319231  |4 aut 
245 1 0 |a Dům v Orionu /  |c Andrea Fischerová 
250 |a Vyd. 1. 
260 |a Praha :  |b Eroika,  |c 2012 
300 |a 137 s. ;  |c 21 cm 
655 7 |a české romány  |7 fd133974  |2 czenas 
655 9 |a Czech fiction  |2 eczenas 
910 2 |a BOA001  |b 2-1291.241 
990 |a BK 
995 |a 01 
991 |b 201210  |e b 
996 6 |b 2610524937  |c 2-1291.241  |l MZK  |r Sklad / do 1 hodiny  |n 0  |p p.v.  |w 001288987  |u 000010  |a 1  |e BOA001  |j MZK50  |s P